[Event "Laval op"]
[Site "Laval CAN"]
[Date "2016.06.26"]
[Round "7.4"]
[White "Huang, Qiuyu"]
[Black "Johnson, Nicholas"]
[Result "1/2-1/2"]
[WhiteElo "1964"]
[BlackElo "1992"]
[PlyCount "108"]
[EventDate "2016.06.23"]
[EventType "swiss"]
[EventRounds "7"]
[EventCountry "CAN"]

1. e4 e6 2. d4 d5 3. exd5 exd5 4. Bd3 Nc6 5. c3 Bd6 6. Ne2 Nge7 7. O-O Bg4 8.
f3 Bh5 9. Nf4 Bg6 10. Re1 Bxd3 11. Nxd3 O-O 12. Nc5 Qc8 13. Be3 b6 14. Nb3 Qf5
15. N1d2 Ng6 16. Nf1 Rfe8 17. Qd2 Re7 18. Bf2 Rae8 19. Rxe7 Rxe7 20. Re1 Nf4
21. Bg3 Rxe1 22. Qxe1 Ne7 23. Ne3 Qe6 24. Bxf4 Bxf4 25. Nc2 Qxe1+ 26. Nxe1 g5
27. Nd3 Bd6 28. Nd2 f6 29. g3 Kf7 30. b3 Ke6 31. Kf2 h5 32. h3 h4 33. gxh4 gxh4
34. Nf1 Ng6 35. Ne3 Nf4 36. Nxf4+ Bxf4 37. c4 c6 38. cxd5+ cxd5 39. Ng2 Bg3+
40. Ke2 a5 41. a4 Kf5 42. Ke3 Ke6 43. Nf4+ Kd6 44. Nh5 Ke6 45. Nf4+ Kd6 46. Ne2
Ke6 47. Nc1 Bd6 48. Nd3 Kf5 49. Ke2 Bb4 50. Kf2 Bd2 51. Ke2 Bb4 52. Ke3 Bd6 53.
f4 Ba3 54. Kf3 Bd6 1/2-1/2

[Event "Laval op"]
[Site "Laval CAN"]
[Date "2016.06.26"]
[Round "7.5"]
[White "Turcotte, Jonathan"]
[Black "Trahan, Daniel"]
[Result "1-0"]
[WhiteElo "1975"]
[BlackElo "1962"]
[PlyCount "82"]
[EventDate "2016.06.23"]
[EventType "swiss"]
[EventRounds "7"]
[EventCountry "CAN"]

1. d4 Nf6 2. c4 e6 3. Nf3 b6 4. g3 Ba6 5. b3 Bb4+ 6. Bd2 Be7 7. Bg2 c6 8. Ne5
d5 9. Bc3 O-O 10. Nd2 Nfd7 11. Nxd7 Nxd7 12. O-O Rc8 13. e4 dxe4 14. Nxe4 c5
15. dxc5 Nxc5 16. Qg4 g6 17. Rad1 Nd7 18. Nd6 Rc7 19. Qf4 Bg5 20. Qf3 Bf6 21.
Ne4 Bxc3 22. Qxc3 f6 23. Nd6 Qe7 24. Rfe1 Ne5 25. f4 Nf7 26. Ne4 Nd8 27. Nd6
Nf7 28. Nxf7 Rxf7 29. Qe3 Bc8 30. Bh3 Rc6 31. Rd4 Rf8 32. Bg2 Rd6 33. Red1 Rfd8
34. Rxd6 Rxd6 35. Re1 Bb7 36. Bh3 Kf7 37. f5 Kg7 38. fxe6 Bc8 39. c5 Rc6 40.
cxb6 Rxb6 41. a3 f5 1-0

[Event "Laval op"]
[Site "Laval CAN"]
[Date "2016.06.26"]
[Round "7.6"]
[White "Saha, Ananda"]
[Black "Jacquet, Stephane"]
[Result "1-0"]
[WhiteElo "1845"]
[BlackElo "1969"]
[PlyCount "103"]
[EventDate "2016.06.23"]
[EventType "swiss"]
[EventRounds "7"]
[EventCountry "CAN"]

1. Nf3 Nf6 2. g3 d5 3. d4 e6 4. Bg2 Be7 5. O-O O-O 6. e3 Nbd7 7. b3 b5 8. c4
bxc4 9. bxc4 Ba6 10. Nbd2 Nb6 11. Ne5 Bd6 12. Re1 Bxe5 13. dxe5 Nfd7 14. cxd5
Nxd5 15. Ba3 Re8 16. f4 c5 17. Qa4 Bb7 18. Ne4 N5b6 19. Qc2 Bxe4 20. Bxe4 Rc8
21. Bxh7+ Kh8 22. Be4 c4 23. Qg2 g6 24. Bb7 Nc5 25. Bxc8 Qxc8 26. Bxc5 Qxc5 27.
Qb7 Re7 28. Qb8+ Nc8 29. Rac1 Rd7 30. Qb3 Nb6 31. Qc3 Rc7 32. Qd4 Qxd4 33. exd4
Nd5 34. Re2 c3 35. Rec2 Rc4 36. a3 Kg7 37. Kf2 Rxd4 38. Rxc3 Nxc3 39. Rxc3 Rd2+
40. Kf3 a5 41. h4 a4 42. Ke4 Rb2 43. Kd4 Rd2+ 44. Kc5 Rb2 45. g4 Rb3 46. Kd4
Rb1 47. Rc4 Rf1 48. Kc5 Rg1 49. g5 Rg4 50. Rxa4 Rxh4 51. Rb4 Rh1 52. a4 1-0

[Event "Laval op"]
[Site "Laval CAN"]
[Date "2016.06.26"]
[Round "7.7"]
[White "Tanaka, Tyler"]
[Black "Morin, Louis"]
[Result "1/2-1/2"]
[WhiteElo "1483"]
[BlackElo "1894"]
[PlyCount "32"]
[EventDate "2016.06.23"]
[EventType "swiss"]
[EventRounds "7"]
[EventCountry "CAN"]

1. e4 e5 2. Nf3 d6 3. d4 Nf6 4. Nc3 Nbd7 5. Bc4 Be7 6. O-O O-O 7. Re1 c6 8. Bb3
b5 9. a3 a6 10. Bg5 h6 11. Bh4 Nh5 12. Bg3 Nxg3 13. hxg3 Bb7 14. Qd2 Qc7 15.
Rad1 Rad8 16. Qc1 Rfe8 1/2-1/2

[Event "Laval op"]
[Site "Laval CAN"]
[Date "2016.06.26"]
[Round "7.8"]
[White "Durette, Francis"]
[Black "Eshleman, Brandon"]
[Result "1/2-1/2"]
[WhiteElo "1897"]
[BlackElo "2043"]
[PlyCount "45"]
[EventDate "2016.06.23"]
[EventType "swiss"]
[EventRounds "7"]
[EventCountry "CAN"]

1. e4 e5 2. Nf3 Nc6 3. d4 exd4 4. Nxd4 Bc5 5. Be3 Qf6 6. c3 Nxd4 7. cxd4 Bb4+
8. Nc3 Ne7 9. Bc4 O-O 10. O-O Bxc3 11. bxc3 Qc6 12. Qd3 d5 13. exd5 Nxd5 14.
Bxd5 Qxd5 15. c4 Qf5 16. Rfd1 Qxd3 17. Rxd3 Bf5 18. Rd2 Rfe8 19. h3 f6 20. Rc1
Rad8 21. d5 b6 22. a3 c6 23. Bf4 1/2-1/2

[Event "Laval op"]
[Site "Laval CAN"]
[Date "2016.06.26"]
[Round "7.9"]
[White "Mathieu, Guillaume"]
[Black "Lavergne, Daniel"]
[Result "1/2-1/2"]
[WhiteElo "2037"]
[BlackElo "1818"]
[PlyCount "98"]
[EventDate "2016.06.23"]
[EventType "swiss"]
[EventRounds "7"]
[EventCountry "CAN"]

1. e4 e5 2. Nf3 Nc6 3. Bb5 a6 4. Ba4 Nge7 5. O-O g6 6. d3 h6 7. c3 Bg7 8. d4 b5
9. Bb3 d6 10. dxe5 dxe5 11. Qxd8+ Nxd8 12. a4 Bb7 13. axb5 axb5 14. Rxa8 Bxa8
15. Na3 Bxe4 16. Nxb5 O-O 17. Nxc7 Bd3 18. Rd1 e4 19. Ne1 Be2 20. Rd2 Bg4 21.
h3 Bc8 22. Rd6 Be5 23. Nb5 Bxd6 24. Nxd6 Be6 25. Bc2 Kg7 26. Nxe4 Ndc6 27. Nd3
Ra8 28. Kh2 Ra2 29. Ndc5 Bd5 30. Nd6 Na5 31. Nd7 f5 32. Ne8+ Kf7 33. Nd6+ Ke6
34. Nxf5 gxf5 35. Nc5+ Kf6 36. Bd3 Nb3 37. Nxb3 Bxb3 38. g4 fxg4 39. hxg4 Nc6
40. f4 Ra1 41. g5+ hxg5 42. fxg5+ Kg7 43. Bf4 Na5 44. Be5+ Kg8 45. Kg3 Rd1 46.
Bf5 Rd2 47. c4 Bxc4 48. Bc3 Re2 49. Bg4 Rc2 1/2-1/2

[Event "Laval op"]
[Site "Laval CAN"]
[Date "2016.06.26"]
[Round "7.10"]
[White "Have, Didier"]
[Black "Steinberg, Ellis"]
[Result "1-0"]
[WhiteElo "1974"]
[BlackElo "1581"]
[PlyCount "57"]
[EventDate "2016.06.23"]
[EventType "swiss"]
[EventRounds "7"]
[EventCountry "CAN"]

1. e4 g6 2. d4 d6 3. Nc3 c6 4. Be3 Bg7 5. Qd2 b5 6. Bd3 Nd7 7. Nge2 Nb6 8. O-O
Nc4 9. Bxc4 bxc4 10. Rfd1 Nf6 11. f3 O-O 12. Bh6 a5 13. Bxg7 Kxg7 14. Ng3 h5
15. h4 Qb6 16. Rab1 c5 17. e5 Nd7 18. Nd5 Qa7 19. Nf5+ gxf5 20. Qg5+ Kh7 21.
Qxf5+ Kg7 22. Qg5+ Kh7 23. Qxh5+ Kg7 24. Qg5+ Kh7 25. Nxe7 Nxe5 26. dxe5 dxe5
27. Rd6 Be6 28. Rxe6 f6 29. Qg6+ 1-0

[Event "Laval op"]
[Site "Laval CAN"]
[Date "2016.06.26"]
[Round "7.11"]
[White "Gil, Bernardo"]
[Black "Johnson-Constantin, Matthieu"]
[Result "0-1"]
[WhiteElo "1547"]
[BlackElo "1869"]
[PlyCount "106"]
[EventDate "2016.06.23"]
[EventType "swiss"]
[EventRounds "7"]
[EventCountry "CAN"]

1. d4 Nf6 2. Nf3 g6 3. e3 Bg7 4. Bd3 O-O 5. b3 b6 6. Nbd2 Bb7 7. Bb2 d5 8. O-O
Nbd7 9. c4 c5 10. Rc1 Rc8 11. h3 Rc7 12. Rc2 Qa8 13. Re1 Rfc8 14. Qc1 e6 15.
cxd5 Nxd5 16. a3 cxd4 17. Rxc7 Rxc7 18. Qa1 dxe3 19. fxe3 Bxb2 20. Qxb2 Rc3 21.
Qb1 Nc5 22. Ne5 Nxd3 23. Nxd3 Ba6 24. Nb4 Nxb4 25. axb4 Qd5 26. Ne4 Qxb3 27.
Nxc3 Qxc3 28. b5 Bxb5 29. Rc1 Qxe3+ 30. Kh1 Qe5 31. Rc8+ Kg7 32. Qd1 Qf6 33.
Qd6 Kh6 34. Qf8+ Kg5 35. h4+ Kh5 36. g4+ Kxh4 37. Qh6+ Kxg4 38. Rc1 Qh4+ 39.
Qxh4+ Kxh4 40. Rc7 h5 41. Rxf7 g5 42. Rxa7 g4 43. Kg1 Bc4 44. Ra4 b5 45. Ra3
Bd5 46. Kh2 b4 47. Ra1 b3 48. Rb1 g3+ 49. Kg1 Kg5 50. Rb2 h4 51. Rd2 h3 52. Rg2
h2+ 53. Kh1 Bxg2+ 0-1

[Event "Laval op"]
[Site "Laval CAN"]
[Date "2016.06.26"]
[Round "7.12"]
[White "Gauthier, Denis"]
[Black "Langlois-Remillard, Alexis"]
[Result "1/2-1/2"]
[WhiteElo "1849"]
[BlackElo "1797"]
[PlyCount "53"]
[EventDate "2016.06.23"]
[EventType "swiss"]
[EventRounds "7"]
[EventCountry "CAN"]

1. d4 Nf6 2. c4 e6 3. Nf3 b6 4. a3 Bb7 5. Nc3 Be7 6. d5 O-O 7. e4 d6 8. Bd3 a5
9. O-O h6 10. Nd4 Qd7 11. Be3 Na6 12. h3 Nc5 13. Bc2 c6 14. b4 axb4 15. axb4
Rxa1 16. Qxa1 cxd5 17. bxc5 dxc5 18. Nf3 d4 19. Rd1 Qc8 20. Nxd4 cxd4 21. Bxd4
Qxc4 22. Qa7 Qc7 23. e5 Ra8 24. Qxb6 Qxb6 25. Bxb6 Nd5 26. Nxd5 Bxd5 27. Rb1
1/2-1/2

[Event "Laval op"]
[Site "Laval CAN"]
[Date "2016.06.26"]
[Round "7.13"]
[White "Agnaieff, Vladimir"]
[Black "Chevalier, Francois"]
[Result "0-1"]
[WhiteElo "1830"]
[BlackElo "1768"]
[PlyCount "54"]
[EventDate "2016.06.23"]
[EventType "swiss"]
[EventRounds "7"]
[EventCountry "CAN"]

1. d4 Nf6 2. Bf4 e6 3. Nf3 Be7 4. Nc3 d5 5. e3 c6 6. Bd3 Nbd7 7. g4 O-O 8. Ne5
Nxe5 9. dxe5 Nd7 10. h4 f6 11. exf6 Bxf6 12. g5 Bxc3+ 13. bxc3 Qe8 14. Bd6 e5
15. Bxf8 Nxf8 16. Rb1 e4 17. Bf1 Nd7 18. c4 Ne5 19. Be2 Qf7 20. cxd5 cxd5 21.
Bh5 g6 22. Be2 Be6 23. h5 Rf8 24. Rf1 Bh3 25. hxg6 hxg6 26. Qd2 Bxf1 27. Rb5
Nf3+ 0-1

[Event "Laval op"]
[Site "Laval CAN"]
[Date "2016.06.26"]
[Round "7.14"]
[White "Gauthier, Luc"]
[Black "Lafleche, Alain"]
[Result "1-0"]
[WhiteElo "1805"]
[BlackElo "1719"]
[PlyCount "135"]
[EventDate "2016.06.23"]
[EventType "swiss"]
[EventRounds "7"]
[EventCountry "CAN"]

1. e4 e5 2. f4 d5 3. exd5 e4 4. d3 Qxd5 5. Nc3 Bb4 6. Bd2 Bxc3 7. Bxc3 f6 8.
Qe2 Bf5 9. g4 Bg6 10. f5 Bf7 11. Qxe4+ Ne7 12. Bg2 O-O 13. Qe2 Qb5 14. Nf3 Nbc6
15. a4 Qb6 16. Qf2 Nd5 17. Qxb6 Rfe8+ 18. Kf2 axb6 19. Bd2 Ncb4 20. Ne1 Nc6 21.
Nf3 Re7 22. Rhe1 Rae8 23. Rxe7 Rxe7 24. Re1 Rxe1 25. Nxe1 Ne5 26. h3 c6 27. Nf3
Nd7 28. d4 Nc7 29. b3 g6 30. Nh4 c5 31. fxg6 hxg6 32. dxc5 Nxc5 33. Be3 Nxb3
34. Bxb6 Nd5 35. Bxd5 Bxd5 36. cxb3 Bxb3 37. a5 Kf7 38. Nf3 Bd5 39. Nd4 Ke7 40.
Ke3 g5 41. Kf2 Kd6 42. Nf5+ Ke6 43. Ng7+ Kf7 44. Nh5 Kg6 45. Ng3 Bc6 46. Nf5
Kf7 47. Kg3 Bd5 48. h4 gxh4+ 49. Kxh4 Bf3 50. Kg3 Bd5 51. Kf4 Bc6 52. Nd4 Bd5
53. Kf5 Ba2 54. Nb5 Be6+ 55. Kf4 Bd5 56. Nd6+ Kg6 57. Bd4 Bc6 58. Ne4 Bd5 59.
Nxf6 Bc6 60. g5 Bh1 61. Ng4 Bd5 62. Ne5+ Kg7 63. Kf5 Bb3 64. Nd7+ Kg8 65. Kf6
Bd5 66. g6 Bf3 67. Ke7 Bh5 68. Nf6+ 1-0

[Event "Laval op"]
[Site "Laval CAN"]
[Date "2016.06.26"]
[Round "7.15"]
[White "Beaulieu, Pierre"]
[Black "Lesage, Philippe"]
[Result "1/2-1/2"]
[WhiteElo "1781"]
[BlackElo "1802"]
[PlyCount "59"]
[EventDate "2016.06.23"]
[EventType "swiss"]
[EventRounds "7"]
[EventCountry "CAN"]

1. b3 e5 2. Bb2 Nc6 3. e3 Nf6 4. Bb5 Bd6 5. Na3 Na5 6. Nf3 Qe7 7. Nb1 a6 8. Be2
Nc6 9. c4 e4 10. Nd4 Nxd4 11. exd4 O-O 12. Qc2 Re8 13. Nc3 Ba3 14. Bxa3 Qxa3
15. O-O Qd6 16. d5 Qf4 17. Nd1 d6 18. Qc3 Bg4 19. Bxg4 Nxg4 20. Qg3 Qf6 21. Ne3
Ne5 22. Rab1 Nd3 23. Ng4 Qg6 24. Ne3 Qxg3 25. hxg3 g6 26. b4 f5 27. a4 Kf7 28.
Nc2 b6 29. Nd4 a5 30. b5 1/2-1/2

[Event "Laval op U1200"]
[Site "Laval CAN"]
[Date "2016.06.23"]
[Round "1.1"]
[White "Ma, Lily"]
[Black "Blanco, Rafael"]
[Result "0-1"]
[WhiteElo "1006"]
[BlackElo "1100"]
[PlyCount "68"]
[EventDate "2016.06.23"]
[EventType "swiss"]
[EventRounds "7"]
[EventCountry "CAN"]

1. e4 c5 2. Nc3 d6 3. Bb5+ Bd7 4. Bxd7+ Nxd7 5. Nf3 Ngf6 6. d3 g6 7. Bg5 Bg7 8.
O-O O-O 9. Re1 Qc7 10. Bxf6 Nxf6 11. Nd5 Nxd5 12. exd5 Bxb2 13. Rb1 Bc3 14. Re3
Rfe8 15. Rb3 Bg7 16. Qb1 b6 17. c3 Qb7 18. c4 Bh6 19. Re1 Rab8 20. Qb2 Bg7 21.
d4 Qa6 22. Ra3 Qxc4 23. Rxa7 Bf6 24. Nd2 Qxd5 25. Rd1 Bxd4 26. Qb5 Qe6 27. Nf3
Qe4 28. Nxd4 cxd4 29. Ra6 Qb7 30. Rxd4 Rec8 31. Rc4 Rxc4 32. Qxc4 Rc8 33. Rxb6
Rxc4 34. Rxb7 Rc1# 0-1

[Event "Laval op U1200"]
[Site "Laval CAN"]
[Date "2016.06.24"]
[Round "3.1"]
[White "Latorre, Vincent"]
[Black "Jordanov, Jordan"]
[Result "0-1"]
[WhiteElo "1100"]
[BlackElo "900"]
[PlyCount "74"]
[EventDate "2016.06.23"]
[EventType "swiss"]
[EventRounds "7"]
[EventCountry "CAN"]

1. e4 c5 2. Nf3 d6 3. Bc4 e6 4. Nc3 Nc6 5. Bb5 Bd7 6. d3 a6 7. Bxc6 Bxc6 8. Bg5
Qc7 9. O-O f6 10. Be3 Ne7 11. Qe2 e5 12. Bd2 g5 13. Be3 h5 14. Rfe1 Ng6 15. Nd5
Bxd5 16. exd5 Nf4 17. Bxf4 gxf4 18. Nh4 O-O-O 19. Nf5 Qd7 20. Qe4 Rg8 21. b3
Rg5 22. Nh4 Qg4 23. g3 Qxh4 24. Qh7 fxg3 25. fxg3 Qd4+ 26. Kh1 Qxd5+ 27. Re4 f5
28. h4 fxe4 29. hxg5 exd3+ 30. Kh2 d2 31. Qxh5 e4 32. Qg4+ Kb8 33. g6 Bg7 34.
Rd1 Rh8+ 35. Kg2 e3+ 36. Qf3 Rh2+ 37. Kxh2 Qxf3 0-1

[Event "Laval op U1200"]
[Site "Laval CAN"]
[Date "2016.06.25"]
[Round "4.1"]
[White "Jordanov, Jordan"]
[Black "Bendwell, Simon-Olivier"]
[Result "1-0"]
[WhiteElo "900"]
[BlackElo "800"]
[PlyCount "49"]
[EventDate "2016.06.23"]
[EventType "swiss"]
[EventRounds "7"]
[EventCountry "CAN"]

1. d4 Nf6 2. c4 e6 3. Nc3 Bb4 4. Qc2 d5 5. Bg5 c5 6. O-O-O cxd4 7. Rxd4 Bxc3 8.
Qxc3 Nc6 9. Rd1 d4 10. Qa3 e5 11. e3 Qe7 12. Qxe7+ Kxe7 13. exd4 Nxd4 14. f4 h6
15. fxe5 Nb3+ 16. axb3 hxg5 17. exf6+ gxf6 18. g3 Be6 19. Bg2 f5 20. Nf3 f6 21.
Rhe1 Kf7 22. h3 Rae8 23. Nd4 b6 24. Nxe6 Rxe6 25. Bd5 1-0

[Event "Laval op U1200"]
[Site "Laval CAN"]
[Date "2016.06.25"]
[Round "5.1"]
[White "Jordanov, Jordan"]
[Black "Cormier, Roger"]
[Result "1-0"]
[WhiteElo "900"]
[BlackElo "965"]
[PlyCount "87"]
[EventDate "2016.06.23"]
[EventType "swiss"]
[EventRounds "7"]
[EventCountry "CAN"]

1. d4 Nf6 2. c4 d5 3. Nc3 e5 4. dxe5 Ng4 5. Nf3 Bc5 6. e3 Nc6 7. cxd5 Ncxe5 8.
Nxe5 Nxe5 9. Qa4+ Bd7 10. Bb5 c6 11. dxc6 bxc6 12. Be2 O-O 13. O-O Bb6 14. Rd1
Qf6 15. Ne4 Qe7 16. Qc2 Rad8 17. a4 Bf5 18. a5 Bc7 19. Qa4 Rxd1+ 20. Bxd1 Qh4
21. Ng3 Qf6 22. Bd2 Bd7 23. Bc3 Be8 24. f4 c5 25. Qc2 Qe6 26. fxe5 Bxe5 27.
Bxe5 Qxe5 28. Qc3 Qd6 29. Bf3 Bb5 30. Rd1 Qe7 31. Nf5 Qf6 32. Qxf6 gxf6 33. Rd5
a6 34. Rxc5 Rd8 35. Bd5 Bd3 36. e4 h5 37. Nh6+ Kg7 38. Nxf7 Rf8 39. Rc7 f5 40.
Ne5+ Kh6 41. Nxd3 fxe4 42. Bxe4 Rd8 43. h4 Rh8 44. Nf4 1-0

[Event "Laval op U1200"]
[Site "Laval CAN"]
[Date "2016.06.26"]
[Round "6.1"]
[White "Bejjani, Ziad"]
[Black "Jordanov, Jordan"]
[Result "0-1"]
[WhiteElo "930"]
[BlackElo "900"]
[PlyCount "66"]
[EventDate "2016.06.23"]
[EventType "swiss"]
[EventRounds "7"]
[EventCountry "CAN"]

1. d4 Nf6 2. c3 e6 3. Nd2 d5 4. e3 c5 5. dxc5 Bxc5 6. a3 Nc6 7. b4 Bd6 8. Bb5
O-O 9. Ngf3 Qc7 10. O-O Ne5 11. g3 Nxf3+ 12. Nxf3 Qxc3 13. Bd2 Qc7 14. Rc1 Qe7
15. Bc3 Ne4 16. Bb2 a6 17. Bd3 Rd8 18. Qc2 Bd7 19. Bxe4 dxe4 20. Qxe4 Bc6 21.
Qg4 f5 22. Qxg7+ Qxg7 23. Bxg7 Kxg7 24. Ng5 Kf6 25. h4 h6 26. Nh3 Rg8 27. Nf4
Rg4 28. Kh2 Rag8 29. Rg1 e5 30. Ne2 f4 31. exf4 exf4 32. Nxf4 Bxf4 33. gxf4
Rxh4# 0-1

[Event "Laval op U1200"]
[Site "Laval CAN"]
[Date "2016.06.26"]
[Round "7.1"]
[White "Pepin, Pierre-Luc"]
[Black "Jordanov, Jordan"]
[Result "0-1"]
[WhiteElo "1042"]
[BlackElo "900"]
[PlyCount "72"]
[EventDate "2016.06.23"]
[EventType "swiss"]
[EventRounds "7"]
[EventCountry "CAN"]

1. e4 c5 2. c4 d6 3. Nc3 Nc6 4. b3 g6 5. Bb2 Bg7 6. Qc2 Nf6 7. h3 e6 8. O-O-O
Nb4 9. Qb1 a5 10. a3 Nc6 11. f4 Nd4 12. Qa2 a4 13. bxa4 O-O 14. Nf3 Nh5 15.
Nxd4 cxd4 16. Nb5 Ng3 17. Rh2 Nxe4 18. Bxd4 Bxd4 19. Nxd4 Qf6 20. Ne2 Nf2 21.
Re1 Nd3+ 22. Kd1 Bd7 23. Nc3 Nxe1 24. Kxe1 Qxf4 25. Rh1 Bc6 26. Qc2 Ra5 27. Rg1
Qg3+ 28. Kd1 Rfa8 29. Ne4 Qxa3 30. Qd3 Qa1+ 31. Ke2 Bxe4 32. Qxd6 Qf6 33. g4
Qf3+ 34. Ke1 Rxa4 35. Be2 Ra1+ 36. Bd1 Rxd1# 0-1

[Event "Laval op U1500"]
[Site "Laval CAN"]
[Date "2016.06.24"]
[Round "2.1"]
[White "Chang, Alexander RZ"]
[Black "Therrien, Alexandre"]
[Result "0-1"]
[WhiteElo "1328"]
[BlackElo "1446"]
[PlyCount "120"]
[EventDate "2016.06.23"]
[EventType "swiss"]
[EventRounds "7"]
[EventCountry "CAN"]

1. e4 e5 2. Nf3 Nc6 3. Bc4 Nf6 4. Ng5 d5 5. exd5 Na5 6. Bb5+ c6 7. dxc6 bxc6 8.
Be2 h6 9. Nf3 e4 10. Ne5 Bd6 11. d4 Bxe5 12. dxe5 Qxd1+ 13. Kxd1 Ng4 14. Ke1
Nxe5 15. Nc3 f5 16. Bf4 Ng6 17. Bc7 Nb7 18. h3 O-O 19. Bc4+ Kh7 20. Rd1 Rf6 21.
Bd8 Nxd8 22. Rxd8 Nf4 23. Ba6 Nxg2+ 24. Kd1 Bb7 25. Rxa8 Rd6+ 26. Kc1 Bxa8 27.
Rd1 Rxd1+ 28. Kxd1 e3 29. Bf1 c5 30. Ke2 exf2 31. Kxf2 Nf4 32. Na4 c4 33. Bxc4
Nxh3+ 34. Kg3 Ng5 35. Bd3 Ne4+ 36. Kf4 g6 37. c4 Bc6 38. Bc2 Nd6 39. c5 g5+ 40.
Kg3 Ne4+ 41. Bxe4 fxe4 42. Nc3 Kg6 43. b4 Kf5 44. b5 Ba8 45. a4 Ke5 46. a5 Kd4
47. c6 a6 48. c7 Bb7 49. bxa6 Bxa6 50. Nb5+ Kd3 51. Kf2 h5 52. Nd6 h4 53. Nf5
Kd2 54. Ne3 Bc8 55. Nf1+ Kd3 56. Nh2 h3 57. Nf1 e3+ 58. Ke1 Ke4 59. Ke2 Ba6+
60. Ke1 Kf3 0-1

[Event "Laval op U1500"]
[Site "Laval CAN"]
[Date "2016.06.24"]
[Round "3.1"]
[White "Therrien, Alexandre"]
[Black "Breton, Jules"]
[Result "0-1"]
[WhiteElo "1446"]
[BlackElo "1381"]
[PlyCount "99"]
[EventDate "2016.06.23"]
[EventType "swiss"]
[EventRounds "7"]
[EventCountry "CAN"]

1. e4 c5 2. Nf3 d6 3. Bb5+ Bd7 4. Bxd7+ Nxd7 5. d3 h6 6. Nc3 e6 7. O-O Be7 8.
Nd2 Ngf6 9. f4 O-O 10. a4 Nh7 11. f5 Bf6 12. Nc4 Nb6 13. Na5 Rb8 14. Bxh6 gxh6
15. Qg4+ Kh8 16. fxe6 Qe7 17. exf7 Rxf7 18. Nb3 c4 19. Nd2 cxd3 20. cxd3 Bd4+
21. Kh1 Rxf1+ 22. Nxf1 a5 23. Ng3 Qd7 24. Qh5 Be5 25. Qxh6 Bxg3 26. hxg3 Rf8
27. Qe3 Nc8 28. Nd5 Qg7 29. d4 Ne7 30. Nf4 Rg8 31. Ra3 Nc6 32. Nd3 Qf6 33. d5
Ne5 34. Rb3 Qf1+ 35. Qg1 Qf7 36. Nf4 Ng4 37. Qd4+ Nhf6 38. Kg1 Qh7 39. Kf1 Ne5
40. g4 Rxg4 41. Rf3 Kg8 42. Qb6 Ne8 43. Qe3 Nxf3 44. Qxf3 Nf6 45. e5 dxe5 46.
Ne6 Qb1+ 47. Kf2 Ne4+ 48. Ke2 Qc2+ 49. Ke1 Qd2+ 50. Kf1 0-1

[Event "Laval op U1500"]
[Site "Laval CAN"]
[Date "2016.06.25"]
[Round "4.1"]
[White "Breton, Jules"]
[Black "Fallet, Maurice"]
[Result "0-1"]
[WhiteElo "1381"]
[BlackElo "1340"]
[PlyCount "110"]
[EventDate "2016.06.23"]
[EventType "swiss"]
[EventRounds "7"]
[EventCountry "CAN"]

1. d4 d5 2. c4 c6 3. e3 Nf6 4. Nc3 g6 5. h3 Bg7 6. Nf3 Nbd7 7. Bd3 e6 8. O-O
O-O 9. Re1 Qc7 10. Bd2 Re8 11. Rc1 Qb6 12. Na4 Qd8 13. c5 e5 14. dxe5 Nxe5 15.
Nxe5 Rxe5 16. Bc3 Re8 17. Bd4 Ne4 18. Be2 Qh4 19. Bf1 Qxf2+ 20. Kh2 Qg3+ 21.
Kg1 Bxh3 22. Qf3 Bg4 23. Qxg3 Nxg3 24. Bxg7 Kxg7 25. Nc3 Ne4 26. b4 Re7 27. a4
Rae8 28. Na2 Nf6 29. Kf2 Bf5 30. a5 a6 31. Nc3 Ng4+ 32. Kf3 Rxe3+ 33. Rxe3
Rxe3+ 34. Kf4 Re7 35. Be2 Nf6 36. g4 Bc8 37. Bf3 h6 38. Rb1 g5+ 39. Kg3 Re3 40.
Nd1 Re1 41. Rb3 Ne4+ 42. Kg2 Nd2 43. Re3 Rxe3 44. Nxe3 Nxf3 45. Kxf3 Kf6 46.
Nf1 Ke5 47. Ne3 f5 48. gxf5 Bxf5 49. Nf1 h5 50. Ke3 h4 51. Nd2 g4 52. Nb3 h3
53. Kf2 Kf4 54. Nd4 g3+ 55. Ke2 h2 0-1

[Event "Laval op U1500"]
[Site "Laval CAN"]
[Date "2016.06.25"]
[Round "5.1"]
[White "Fallet, Maurice"]
[Black "Chang, Alexander RZ"]
[Result "1/2-1/2"]
[WhiteElo "1340"]
[BlackElo "1328"]
[PlyCount "100"]
[EventDate "2016.06.23"]
[EventType "swiss"]
[EventRounds "7"]
[EventCountry "CAN"]

1. d4 d5 2. c4 dxc4 3. Nc3 e5 4. d5 Nf6 5. Bg5 h6 6. Bxf6 Qxf6 7. e4 Bc5 8. Nf3
Bg4 9. Bxc4 O-O 10. h3 Bxf3 11. Qxf3 Qxf3 12. gxf3 Nd7 13. Ne2 Nf6 14. Ng3 Kh7
15. Rc1 a6 16. Bd3 Bb4+ 17. Ke2 Ba5 18. f4 exf4 19. e5+ Kg8 20. exf6 fxg3 21.
fxg3 gxf6 22. Rhf1 Rad8 23. Rcd1 Kg7 24. Bc2 Rfe8+ 25. Kf3 Re5 26. Bb3 Rde8 27.
d6 Rf5+ 28. Kg4 Rxf1 29. Rxf1 cxd6 30. Kf3 Re5 31. Rd1 Bc7 32. Rd5 b5 33. a3
Re1 34. Rd2 Rc1 35. Rc2 Rxc2 36. Bxc2 d5 37. b3 Be5 38. Bd3 Bd6 39. a4 bxa4 40.
bxa4 a5 41. g4 Kf8 42. Ke3 Be5 43. Kf3 Ke7 44. Bc2 Kd6 45. Bd3 Kc5 46. Ke3 Kb4
47. Bb5 Kc3 48. Bd3 Bf4+ 49. Ke2 d4 50. Bb5 Kb4 1/2-1/2

[Event "Laval op U1500"]
[Site "Laval CAN"]
[Date "2016.06.26"]
[Round "6.1"]
[White "Laforest, Claude"]
[Black "Fallet, Maurice"]
[Result "1-0"]
[WhiteElo "1382"]
[BlackElo "1340"]
[PlyCount "41"]
[EventDate "2016.06.23"]
[EventType "swiss"]
[EventRounds "7"]
[EventCountry "CAN"]

1. d4 d5 2. c4 c6 3. e3 Nf6 4. Nc3 g6 5. Bd2 Bg7 6. c5 O-O 7. Bd3 Nbd7 8. f4 b6
9. b4 b5 10. a4 bxa4 11. Rxa4 Re8 12. Nf3 Nf8 13. b5 Bd7 14. Qa1 cxb5 15. Bxb5
Bxb5 16. Nxb5 Qd7 17. Nc3 Qb7 18. O-O Qc8 19. Rb1 N8d7 20. Rxa7 Ne4 21. Nxd5
1-0

[Event "Laval op U1500"]
[Site "Laval CAN"]
[Date "2016.06.26"]
[Round "7.1"]
[White "Chang, Alexander RZ"]
[Black "Laforest, Claude"]
[Result "1-0"]
[WhiteElo "1328"]
[BlackElo "1382"]
[PlyCount "33"]
[EventDate "2016.06.23"]
[EventType "swiss"]
[EventRounds "7"]
[EventCountry "CAN"]

1. e4 c5 2. Nf3 d6 3. d4 cxd4 4. Nxd4 Bd7 5. c4 a6 6. Be2 e5 7. Nf3 h6 8. Nc3
Nf6 9. O-O Be7 10. b3 Bc6 11. Qc2 Nbd7 12. Ba3 Qc7 13. Nh4 Nxe4 14. Nxe4 Bxh4
15. Nxd6+ Kd8 16. Nxf7+ Kc8 17. Nxh8 1-0

[Event "Laval op U1800"]
[Site "Laval CAN"]
[Date "2016.06.23"]
[Round "1.1"]
[White "Grenier, Marcel"]
[Black "Baran, Marius"]
[Result "0-1"]
[WhiteElo "1576"]
[BlackElo "1772"]
[PlyCount "76"]
[EventDate "2016.06.23"]
[EventType "swiss"]
[EventRounds "7"]
[EventCountry "CAN"]

1. e4 c5 2. Nf3 d6 3. d4 cxd4 4. Nxd4 Nf6 5. Nc3 g6 6. f3 Bg7 7. Be3 O-O 8. Qd2
Nc6 9. Nxc6 bxc6 10. Bh6 Be6 11. Bxg7 Kxg7 12. O-O-O a5 13. g4 Qb6 14. Na4 Qb4
15. Qxb4 axb4 16. b3 Ra5 17. Kb1 d5 18. e5 Nd7 19. Re1 c5 20. h4 h6 21. g5 h5
22. Bh3 Bxh3 23. Rxh3 e6 24. f4 Rfa8 25. Re2 R8a6 26. c4 dxc4 27. Rd2 cxb3 28.
axb3 Nb6 29. Rd6 Nxa4 30. bxa4 Rxa4 31. Rxa6 Rxa6 32. Kb2 c4 33. Re3 Rc6 34.
Re1 Rc5 35. Ra1 Rd5 36. Ra4 c3+ 37. Kb3 Rd4 38. Kc2 Rxf4 0-1